000 00361nam a2200133Ia 4500
005 20260328104335.0
008 260328s9999||||xx |||||||||||||| ||und||
100 _aMoynihan, Daniel p.
245 0 _aUrban America :
_b the export looks at the City /
_cDaniel p. Moynihan
260 _bVoice of America
300 _a376 p.
650 _aURBANISMO
942 _cBK
999 _c11886
_d11886